000 00769cam a22002412 4500
001 0000000314
005 20151021151045.0
008 070122s xx 000 0 eng d
020 _a0070562369 :
_cKES 3,800
040 _aKABU
_cKABU
050 0 _aQA76.9
_b.S88S46 1989
100 1 _aSenn, James A.
_@0000148437
245 1 0 _aAnalysis and design for information systems /
_cJames A. Senn.
250 _a2nd ed.
260 _aNew York :
_bMcGraw-Hill,
_c1989.
300 _axvii, 853 p.
650 0 _aSystem design.
_@0000148438
650 0 _aSystem analysis.
_@0000148439
908 _a070122
950 _@1
999 _c173
_d173